[Event "RUS-ch Higher League 60th"]
[Site "Krasnoyarsk"]
[Date "2007.09.11"]
[Round "8"]
[White "Kobalia, Mihail"]
[Black "Khismatullin, Denis Rimovich"]
[Result "1-0"]
[WhiteElo "2634"]
[BlackElo "2566"]
[Annotator "Rogozenco,D"]
[PlyCount "123"]
[EventDate "2007.09.03"]
[EventType "swiss"]
[EventRounds "11"]
[EventCountry "RUS"]
[SourceTitle "CBM 120"]
[Source "ChessBase"]
[SourceDate "2007.10.02"]
[SourceVersion "1"]
[SourceVersionDate "2007.10.02"]
[SourceQuality "1"]

1. e4 c5 2. c3 Nf6 3. e5 Nd5 4. Nf3 Nc6 5. Bc4 Nb6 6. Bb3 d5 7. exd6 Qxd6 8.
Na3 {This variation was analyzed in detail in a theoretical article in
ChessBase Magazine 107. There I concluded that 8.Na3 represents a good option
for White first of all by helping him to avoid practically all theoretical
lines that are known to offer Black easy equality by simplifying the position.}
Be6 ({In case of} 8... a6 {Black must defend very accurately the position after
} 9. O-O Bf5 10. d4 cxd4 11. Nxd4 Nxd4 12. cxd4 e6 13. Qf3 Qd7 14. d5 Nxd5 15.
Rd1 Bxa3 16. bxa3 O-O {which is close to equal, but requires a lot of
attention from Black.}) 9. d4 cxd4 (9... Bxb3 10. axb3 cxd4 11. Nb5 $1 (11. O-O
) 11... Qd7 12. O-O {transposes to the game}) 10. Nb5 (10. O-O dxc3 $1 11. Qe2
Bxb3 12. Nb5 Qb8 13. axb3 {is a well-known equal theoretical line.} g6 $11 (
13... e6 $11)) 10... Qd7 11. O-O {Black's task to equalize is easier after the
two other alternatives, 11.Bxe6 and 11.Nbxd4.} (11. Bxe6 Qxe6+ 12. Be3 Qd7 (
12... Rc8 $2 13. Nfxd4 Nxd4 14. Qxd4 $18) 13. Nbxd4 e6 (13... Nxd4 $6 14. Bxd4
$36) (13... Nc4 14. Qe2 $1 $36 {[%cal Ge1c1]}) 14. O-O (14. Nxc6 Qxc6 15. Qd4
Rd8 (15... Qc4 $5) 16. Qg4 h5 17. Qh4 (17. Qg3 h4 $5 18. Nxh4 Qb5 {[%csl Re1]}
(18... Bd6 19. Qg4) 19. Nf3 Na4 $132) 17... Be7 18. Qg3 Bf6 19. O-O h4 20. Qg4
h3 $13 {1-0 Vlassov,N (2440)-Donchenko,A (2385)/Moscow 1998 (58)}) (14. Qe2 Be7
15. Nxc6 (15. O-O O-O 16. Rad1 Qc8 17. Bg5 Bxg5 18. Nxg5 h6 19. Ne4 Nxd4 20.
Rxd4 Qc7 21. Qh5 Rfd8 $11 {1/2-1/2 Hoffmann,H (2314)-Solonar,S (2345)/Germany
2000 (79)}) 15... Qxc6 (15... bxc6 $11) 16. Ne5 Qd5 17. Bxb6 axb6 (17... Qxg2
18. O-O-O {is dangerous for Black}) 18. O-O Bd6 19. Nc4 Bc7 20. Ne3 (20. a4 O-O
21. Rfd1 Qc6 {brings White nothing}) 20... Qd6 21. g3 O-O-O $5 (21... O-O 22.
Rad1 Qc6 23. a3 $14) 22. a4 $14 {1/2-1/2 Wisnewski,C (2401)-Sprenger,J (2491)/
Altenkirchen 2005 (52)}) 14... Nc4 $13 {/=} (14... Be7 15. Nxc6 $1 Qxc6 16. Ne5
$14)) (11. Nbxd4 Bxb3 12. Qxb3 (12. axb3 Nxd4 13. Nxd4 e6 14. O-O Be7 $11)
12... Nxd4 13. Nxd4 e6 (13... g6 14. O-O Bg7 15. Rd1 O-O 16. Nb5 Qc6 17. Be3
$14) (13... e5 14. Nf3 $14 {/=}) 14. O-O Be7 $14 {/=}) 11... Bxb3 12. axb3 (12.
Qxb3 Na5 13. Ne5 (13. Qb4 Nc6 $11) 13... Nxb3 14. Nxd7 Nxa1 (14... Kxd7 15.
axb3 e5 $1 16. cxd4 (16. Rxa7 Rxa7 17. Nxa7 Bc5 $17) 16... a6 $15) 15. Nxb6
axb6 16. Nc7+ Kd7 17. Nxa8 e5 18. cxd4 exd4 (18... Bc5 $5 19. dxc5 Rxa8 20.
Rd1+ Kc6 21. Be3 Rxa2 22. Rd6+ Kc7 23. Rxb6 Nc2 $11) 19. Nxb6+ Kc6 20. Nc4 Kd5
21. Nb6+ Kc6 22. Nc4 Kd5 23. Nb6+ Kc6 24. Nc4 {1/2-1/2 Borsos,B (2330)-Gazi,M/
Slovakia 1999}) 12... e5 $146 {An attempt to improve a line where Black is
currently facing problems. White will strongly meet this idea.} (12... a6 13.
Nbxd4 Nxd4 14. Nxd4 g6 15. Re1 Bg7 16. Bg5 e6 17. Qf3 Qd5 18. Qg3 O-O 19. Rad1
$14 {1-0 Nepomniashchy,Y (2506)-Macieja,B (2585)/Internet (blitz) 2006 (54)}) (
12... e6 13. Bf4 $1 (13. Nbxd4 Nxd4 14. Nxd4 Be7 $11) 13... Rc8 (13... Nd5 14.
Bg3 Rc8 (14... a6 $2 15. c4 $18) 15. Nbxd4 (15. Nxa7 Nxa7 16. Ne5 $1 $36 {
0-1 Likov,V (2260)-Kozirev,A (2370)/Omsk 1996 (45)}) 15... Nxd4 16. Qxd4 f6 {
and now in the game Doering,R-Slezka,V (2380)/Klatovy 1994 White could develop
a powerful initiative with} 17. Rfd1 Bc5 18. Qe4 $16) 14. Nxa7 $1 Nxa7 15. Rxa7
dxc3 16. Qxd7+ Nxd7 17. bxc3 Rxc3 18. Rxb7 Rc8 19. b4 $16 {/+-, 1-0 Savic,M 
(2517)-Damjanovic,D (2290)/Vrnjacka Banja 2006 (85)}) 13. cxd4 a6 {Other
options don't solve all the problems either.} (13... e4 14. Qe2 (14. Ng5 $5 f5
15. Ne6 Nd5 $13) 14... f5 15. Ne5 Nxe5 16. dxe5 a6 17. Nd6+ Bxd6 18. Rd1 $36) (
13... exd4 14. Re1+ Be7 15. Nbxd4 Nxd4 16. Qxd4 Qxd4 17. Nxd4 Kd7 18. Rd1 $36)
14. d5 $1 Nb4 (14... axb5 15. Rxa8+ Nxa8 16. dxc6 Qxd1 17. Rxd1 bxc6 18. Nxe5
$16) 15. Nc3 ({The following temporary piece sacrifice suggested by the
computer leads by force to better endgames for White:} 15. Nxe5 Qxb5 16. Re1
Be7 17. d6 Qd5 18. dxe7 Qxd1 19. Rxd1 Kxe7 20. Bd2 ({or} 20. Be3 $14) 20...
N4d5 (20... N6d5 21. Bxb4+ Nxb4 22. Rd7+ Ke6 23. Rxb7 Kxe5 24. Rxb4 $14) 21.
Nc4 $14) 15... f6 $6 {Too provocative and risky. Black is walking on the edge
after this.} ({If Black knew what would happen in the game, he would have
probably gone for a slightly inferior, but playable position:} 15... Bd6 16.
Be3 Nc8 17. Nd2 O-O 18. Nc4 $14) 16. Nxe5 {It's not often these days to see
such a sac at GM level. White gets a long-lasting attack, even if objectively
speaking the position is unclear.} fxe5 17. Qh5+ Qf7 (17... Kd8 18. Be3 Nc8 19.
Ne4 Nc2 20. Rac1 Nxe3 21. fxe3 $44 {[%csl Rd8]}) 18. Qxe5+ Qe7 19. Qh5+ g6 (
19... Qf7 20. Re1+ Be7 21. Qh4 (21. Rxe7+ Kxe7 22. Qh4+ Ke8 23. Qxb4 Nxd5 $13)
21... N4xd5 (21... N6xd5 22. Bg5 $40) (21... Kf8 22. Bg5 $1 $36) (21... Nc2 22.
Bg5 Nxe1 23. Rxe1 O-O 24. Bxe7 Rfe8 25. d6 $16) 22. Bg5 Nf6 (22... Kf8 $2 23.
Bxe7+ Nxe7 24. Qb4 $18) 23. Qb4 Nbd7 24. Bxf6 Nxf6 25. Qxb7 Rd8 26. Rxa6 $44)
20. Qg4 ({Stronger is} 20. Qf3 $1 {not allowing the king to go to f7. White
keeps a powerful attack. For instance:} Bg7 (20... O-O-O 21. Bf4 Qf7 22. Rac1
$40) 21. d6 $1 Qxd6 (21... Qf7 22. Qe4+ $18) 22. Re1+ Be5 23. Ne4 Qc6 24. Bh6
$40 {[%csl Re8]}) 20... Kf7 (20... N4xd5 $2 21. Nxd5 Nxd5 22. Qd4 Nf6 23. Bg5
Kf7 24. Rfe1 Qd6 25. Bxf6 Qxf6 26. Qd5+ Kg7 {and wins} 27. Qxb7+ $18) 21. Bg5
Qe5 $2 {Missing White's answer.} ({Black had good chances to defend with} 21...
Qd7 22. Qf4+ ({After} 22. Qd4 N4xd5 {apparently White has nothing more than an
equal endgame:} 23. Nxd5 (23. Qxh8 $2 Bg7 24. Qxh7 Rh8 $19) 23... Qxd5 (23...
Nxd5 $2 24. Qxh8 {[%csl Ra8]}) 24. Be3 $1 Qxd4 25. Bxd4 Bg7 26. Bxb6 Bxb2 27.
Rad1 Rhe8 28. Rd7+ Re7 $11) 22... Qf5 23. Qd4 Qxg5 24. Qxb6 Qe7 $1 25. Rfe1 Qd7
$13) 22. Be3 $1 {[%csl Rb6,Rh8][%cal Ge3d4]} Bd6 23. Qe6+ $1 Qxe6 24. dxe6+
Kxe6 25. Bxb6 {An extra pawn in the endgame must be enough for a win.} Rac8 26.
Rad1 (26. Rfe1+ $142 Kf7 27. Rad1 Rhe8 28. Ne4 {and White should win without
major problems}) 26... Rc6 ({More stubborn is} 26... Nc2 $1 {[%csl Rb6]} 27. f3
({After} 27. Rd2 Rc6 $1 28. Ba5 b6 29. Bxb6 Rxb6 30. Rxc2 Rxb3 31. Re2+ Kf7 32.
Ra1 Rb6 {Black has good chances to hold}) 27... Rc6 28. Bf2 Bf4 $1 {The knight
on c2 and the bishop on f4 create some domination and it is not simple for
White to convert his extra pawn. For instance:} (28... Be5 29. Rd2 Bxc3 30.
bxc3 Rxc3 31. Rfd1 Re8 32. Re2+ Kf7 33. Rd7+ Kf8 34. Rxe8+ Kxe8 35. Rxb7 Nb4
36. Rxb4 Rc1+ 37. Be1 Rxe1+ 38. Kf2 Rb1 39. Rb7 $16) 29. g3 (29. Rd3 $14 {/+/-}
) 29... Be5 30. Rd2 Bxc3 31. bxc3 Rxc3 32. Rfd1 Re8 33. Re2+ Kf7 34. Rd7+ Kf8
35. Rxe8+ Kxe8 36. Rxb7 Rxf3 $14) 27. Rfe1+ Kf7 28. Ba5 Re8 (28... Nc2 29. Re2
b6 30. Ne4 Bxh2+ 31. Kxh2 bxa5 32. Rd7+ $18) 29. Ne4 Be7 30. Rd7 {White
activated all his pieces and Black can't avoid further material losses.} Kf8 (
30... Nc2 31. Ng5+ Kf6 32. Nxh7+ Kf7 33. Re2 $18) 31. Rxe7 Kxe7 32. Bxb4+ {
White's victory is only a matter of time. His position is easily winning.} Kd8
33. f3 b6 34. Bc3 Kc7 35. Rd1 Re7 36. b4 h6 37. h4 Rd7 38. Ra1 Kb7 39. Kf2 Rd5
40. Re1 a5 41. bxa5 bxa5 42. Ra1 Ra6 43. Ra4 Rb5 44. Ke2 Rd5 45. Bd2 Rb5 46.
Kd3 Rc6 47. Ra2 Rd5+ 48. Ke2 Rh5 49. g3 Kb6 50. Bc3 Rd5 51. Ra4 Rc7 52. Ke3 Rc6
53. f4 h5 54. Bd4+ Kb5 55. b3 Ka6 56. Nc3 Rf5 57. Kd3 Kb7 58. Be5 Ra6 59. Ne4
Kb6 60. Kc4 Rf8 61. Bd4+ Kc7 62. Nc5 1-0

[Event "RUS-Cup01 Chigorin Memorial"]
[Site "St Petersburg"]
[Date "1997.11.07"]
[Round "7"]
[White "Sveshnikov, Evgeny"]
[Black "Novgorodskij, Vladimir"]
[Result "1/2-1/2"]
[WhiteElo "2570"]
[BlackElo "2390"]
[Annotator "Rogozenco,D"]
[PlyCount "39"]
[EventDate "1997.11.01"]
[EventType "swiss"]
[EventRounds "9"]
[EventCountry "RUS"]
[SourceTitle "CBM 062"]
[Source "ChessBase"]
[SourceDate "1998.01.31"]
[SourceVersion "1"]
[SourceVersionDate "1998.01.31"]
[SourceQuality "1"]

1. e4 c5 2. c3 Nf6 3. e5 Nd5 4. Nf3 Nc6 5. Bc4 Nb6 6. Bb3 d5 7. exd6 Qxd6 8.
Na3 {Probably the best move order. If 8.d4 cd4 9.Na3, then Black can choose
between 9. ... a6 10.d4 cd4 11.0-0 Bf5 with the same position as in the game,
and 9. ... dc3 10.Qe2 Bf5, which looks better to me.} a6 (8... Be6 9. O-O c4 (
9... Bxb3 10. axb3 e6 11. Nc4 $14 {Sveshnikov-Filippov, RUS-ch Elista 1995})
10. Bc2 g6 11. b3 Bg7 12. Qe2 $14 {Sveshnikov-Kveinys, Budapest 1996}) 9. O-O
Bf5 (9... g6 $6 10. d4 cxd4 11. Ng5 $1 $36 {Barskij-Fedorciuk, Moskow 1995})
10. d4 cxd4 11. Nxd4 {White achieves the best developement of his pieses with
this unusual knights exchange.} Nxd4 12. cxd4 e6 13. Qf3 {The practice has
shown that this position is quite dangerous for Black. White has a space
advantage and a permanent threat to open the position after d4-d5. Black
probably can hold the position with a precise play, but that is definetely not
an easy task.} Qd7 (13... Qc6 14. d5 $5 Nxd5 15. Rd1 Nb6 16. Qg3 $44 {
Sermek-Kiselev, Ljubljana 1992}) 14. Re1 {A novelty, but probably not the best
way to develop the initiative. Black didn`t show yet a clear way to equalize
after 14. d5.} (14. Bf4 Bxa3 15. bxa3 O-O 16. Rad1 Nd5 17. Bxd5 exd5 18. Rc1
Rac8 $11 {1/2-1/2 Manor,I-Yudasin,L/Rishon le Zion 1996/CBM 53 (56)}) (14. d5
$1 Nxd5 15. Rd1 Bxa3 16. bxa3 O-O 17. Bb2 Rad8 18. h4 h6 19. Rac1 $44 {
Daniliuk-Sapunov, Briansk 1995}) 14... Be7 (14... Bxa3 $2 15. Qxf5 Be7 (15...
O-O 16. Qa5 $18) (15... Bb4 16. Bxe6 fxe6 17. Rxe6+ Kd8 (17... Be7 18. Qh5+ g6
19. Qe5 $18) 18. Bg5+ Kc8 19. Qc2+ Qc7 20. Qxc7+ Kxc7 21. Bf4+ $18) 16. Qg4 O-O
(16... Bf6 17. Bxe6 fxe6 18. Qxe6+ Qxe6 (18... Qe7 19. Bf4 $18) 19. Rxe6+ Kf7
20. Rxb6 $18) 17. Rxe6 Kh8 18. Re4 f5 19. Be6 $16 Qb5 $2 20. Bxf5 $18) 15. Bg5
(15. d5 Nxd5 (15... O-O 16. dxe6 Bxe6 $11) 16. Bxd5 exd5 17. Bg5 Be4 $17) 15...
Bxg5 16. Qxf5 Be7 17. Qe4 Rd8 (17... O-O $2 18. d5 Nxd5 19. Bxd5 Bxa3 20. Bxb7
Rab8 21. Bc6 $18) 18. d5 Nxd5 19. Rad1 O-O 20. Rxd5 (20. Bxd5 Bxa3 21. Bb3 Bd6
$17) (20. Rxd5 exd5 21. Qxe7 Rfe8 22. Qb4 Rxe1+ 23. Qxe1 {The position is not
easy to evaluate. I think it`s close to equal although both sides have many
ideas how to arrange the pieces.}) 1/2-1/2

[Event "EU-chT (Men) 17th"]
[Site "Novi Sad"]
[Date "2009.10.24"]
[Round "3"]
[White "Pavasovic, Dusko"]
[Black "Laznicka, Viktor"]
[Result "0-1"]
[WhiteElo "2602"]
[BlackElo "2634"]
[Annotator "Rogozenco,D"]
[PlyCount "61"]
[EventDate "2009.10.22"]
[EventType "team-swiss"]
[EventRounds "9"]
[EventCountry "YUG"]
[SourceTitle "CBM 133"]
[Source "ChessBase"]
[SourceDate "2009.11.19"]
[SourceVersion "1"]
[SourceVersionDate "2009.11.19"]
[SourceQuality "1"]
[WhiteTeam "Slovenia"]
[BlackTeam "Czech Republic"]
[WhiteTeamCountry "SLO"]
[BlackTeamCountry "CZE"]

1. e4 c5 2. Nf3 Nc6 3. c3 Nf6 4. e5 Nd5 5. Bc4 Nb6 6. Bb3 c4 7. Bc2 Qc7 8. Qe2
g5 9. h3 Bg7 10. O-O Nxe5 11. Nxg5 d5 12. a4 Bd7 13. a5 Nc8 14. Re1 ({Another
specialist of this line, S.Tiviakov prefers to play immediately} 14. Nf3 {
but then Black will have the possibility later to advance the pawn to e5 in
one step. So both 14.Nf3 and 14.Re1 have pluses and minuses.}) ({The third
option is} 14. d4) 14... e6 15. Nf3 Nxf3+ $5 $146 {This game shows that such a
simple approach (to exchange knights and then slowly prepare the advance of
the pawn centre) can be very effective for Black if White plays carelessly.} (
15... Ng6 16. d4 (16. d3 Nf4 $6 17. Bxf4 Qxf4 18. dxc4 Qxc4 19. Qxc4 dxc4 20.
Nfd2 Nd6 21. Na3 Rc8 22. Ne4 Nxe4 23. Rxe4 Rc5 24. Rxc4 Rxa5 25. Be4 $14 {
1-0 Galkin,A (2606)-Sebag,M (2521)/Plovdiv 2008 (30)}) 16... cxd3 17. Qxd3 Nce7
18. Be3 e5 19. Qd2 f5 20. Bh6 Bxh6 {1/2-1/2 Skoberne,J (2484)-Jelen,I (2387)/
Murska Sobota 2007}) 16. Qxf3 Ne7 17. d4 cxd3 18. Bxd3 {A serious inaccuracy.
White should have used the time factor in order to create quickly some
initiative.} (18. Qxd3 {keeps the opposing king in the centre for a while and
was the only way to fight for an advantage.} Bc6 (18... Ng6 $2 19. Qxd5) (18...
f5 19. Bg5 $36) 19. a6 b6 $140 (19... Ng6 $142 $13) 20. Na3 Ng6 21. Nb5 Qd7 22.
Nd4 $36) 18... O-O 19. Qh5 f5 $1 20. Bh6 (20. f4 d4 $36) 20... e5 $1 21. Nd2 (
21. a6 $142 b6 $140 22. Na3 {with some counterplay on the queenside.}) 21... e4
22. Bc2 {Perhaps the bishop had to be placed on f1 and the knight on d4,
although Black's chances look preferable anyway.} (22. Bxg7 Kxg7 23. Nb3 Kh8
24. Nd4 Rf6 25. Bf1 Rg8 $36) 22... Rf7 23. Bb3 Bxh6 24. Qxh6 Kh8 {Black has a
very easy game. He will double rooks on the g-file and then push the f-pawn.
Notice that the pawn on h3 (instead of h2) represents a serious drawback for
White in such situations.} 25. Qe3 {The queen is vulnerable both on e3 (due to
...f5-f4) and on d4 (due to ...Nc6).} (25. a6 {was worth trying, hoping for} b6
26. c4 $1 d4 27. c5 $132 {However, Black keeps his advantage with 25...b5!}) (
25. c4 d4 $17) 25... Rg7 $17 (25... f4 26. Qd4+ Rg7 $17) 26. Kh1 Rag8 27. Qd4
Qd6 {Black's attack should be winning. The queen goes to h6, after which Black
will either advance the f-pawn, or threaten to unpin Rg7 by means of Nc6,
creating the decisive pressure on the g-file.} ({The immediate} 27... Nc6 {
is premature in view of} 28. Qf6) 28. Rg1 (28. g3 {doesn't help either:} Qh6
29. h4 (29. Kg2 f4 $19) 29... f4 (29... Be6 $19 {[%cal Gf5f4]}) 30. Nxe4 dxe4
31. Qxd7 fxg3 32. Rxe4 gxf2 33. Bxg8 Qg6 34. Rg4 Qxg4 35. Qxg4 Rxg4 36. Bb3 (
36. Be6 Rxh4+ 37. Kg2 Re4 38. Bh3 Re1 $19) 36... Nf5 $19) (28. c4) (28. Re2 Nc6
29. Qxd5) 28... Qh6 $19 29. Nf1 f4 30. Nh2 e3 31. Bc2 {Possibly Black won on
time.} ({White is lost anyway:} 31. Bc2 Nc6 32. Qc5 (32. Qxd5 exf2 33. Rgf1 Be6
34. Qf3 Rxg2 $19) 32... Qh4 33. fxe3 Qf2 $19 {[%csl Rc2,Rg2]}) 0-1

[Event "Baku m"]
[Site "Baku"]
[Date "2003.03.29"]
[Round "1"]
[White "Mamedyarov, Shakhriyar"]
[Black "Ghaem Maghami, Ehsan"]
[Result "0-1"]
[WhiteElo "2596"]
[BlackElo "2500"]
[Annotator "Rogozenco,D"]
[PlyCount "70"]
[EventDate "2003.03.29"]
[EventType "match"]
[EventRounds "6"]
[EventCountry "AZE"]
[SourceTitle "CBM 095"]
[Source "ChessBase"]
[SourceDate "2003.07.25"]
[SourceVersion "1"]
[SourceVersionDate "2003.07.25"]
[SourceQuality "1"]

1. e4 c5 2. c3 Nf6 3. e5 Nd5 4. d4 cxd4 5. Qxd4 e6 6. Nf3 d6 ({After} 6... Nc6
7. Qe4 {both 7...d6 and 7...f5 give Black comfortable play.}) 7. exd6 Nc6 8.
Bb5 Qxd6 9. O-O a6 (9... Bd7 10. Qe4 a6 11. Ba4 b5 12. Bb3 Nf6 13. Qh4 Ne5 14.
Nxe5 Qxe5 15. Bf4 Qf5 16. Rd1 Bc5 17. Bd6 $4 g5 18. Qg3 Ne4 19. Qe5 Qxf2+ 20.
Kh1 Qg1+ {0-1 Jakymov,V-Leshchenko,V/Kiev 2002.}) 10. Bxc6+ Qxc6 11. c4 Nf6 12.
Nc3 (12. Be3 b5 $5 $13) 12... b6 (12... b5 13. cxb5 axb5 14. Ne5 $36) 13. Ne5
Qc7 14. Bf4 Bc5 15. Qd2 Nh5 $1 16. Rad1 O-O (16... Bb7 17. Na4 $5 Be7 18. Be3
b5 19. cxb5 axb5 20. Nc5 $13) 17. Ne4 Nxf4 18. Qxf4 Be7 19. Rd3 Ra7 {
Protecting the queen; Black threatens now 20...f6 21.Ng6 hxg6.} (19... f6 20.
Ng6 Qxf4 21. Nxf4 g5 $15) 20. Rb3 (20. Rh3 f6 21. Qh4 Qxe5 22. Qxh7+ Kf7 23.
Rg3 f5 $19) (20. Rfd1 $2 f6 $19) (20. Rg3 f6 21. Nd3 f5 $1 $17 {[%cal Re7d6]})
20... f6 21. Nd3 Rd8 22. Qe3 a5 ({Black could take the pawn:} 22... Qxc4 23.
Rc1 Qd5 {since} 24. Qxb6 $2 {is not possible because of} Rb7 25. Qe3 Rxb3 26.
axb3 Bb7 $19 {[%csl Rd3,Re4]}) 23. Rc1 Rb7 24. Rbc3 Qc6 25. c5 b5 26. b4 $1 a4
27. Nd6 Rb8 {White considerably improved his position over the last 5-6 moves,
but now instead of consolidating the position, he goes for the wrong idea.} 28.
Nf5 $6 (28. Nxc8 Rbxc8 29. Re1 $14) 28... exf5 29. Qxe7 Re8 30. Qd6 Bb7 {
As a result of 28.Nf5 White got a better pawn structure, but this factor is of
less importance than activity of pieces. In reality White is left with a poor
knight, which has no active squares, while Black's bishop will be very well
placed on c6.} 31. Nf4 $2 (31. Qxc6 $142 Bxc6 32. Re1 {was necessary, for
instance:} Rxe1+ 33. Nxe1 Rd8 34. Rd3) 31... Rbd8 32. Qxc6 Bxc6 33. a3 Rd4 34.
g3 g5 35. Rd3 $4 {[%mdl 8192] White is worse, but this last move loses on the
spot.} (35. Ng2 $17 {[%cal Gc1e1]}) 35... Rc4 $1 0-1

[Event "FRA-chT Top 16 GpB"]
[Site "Port Barcares"]
[Date "2005.05.06"]
[Round "10"]
[White "Milliet, Sophie"]
[Black "Abergel, Thal"]
[Result "1-0"]
[WhiteElo "2319"]
[BlackElo "2456"]
[Annotator "Rogozenco,D"]
[PlyCount "97"]
[EventDate "2005.05.04"]
[EventType "team"]
[EventRounds "11"]
[EventCountry "FRA"]
[SourceTitle "CBM 107"]
[Source "ChessBase"]
[SourceDate "2005.08.01"]
[SourceVersion "1"]
[SourceVersionDate "2005.08.01"]
[SourceQuality "1"]

1. e4 c5 2. Nf3 Nc6 3. c3 Nf6 4. e5 Nd5 5. d4 cxd4 6. cxd4 e6 7. Bc4 Nb6 (7...
d6 $142) 8. Bd3 Be7 {Black's last two moves are certainly not the best way to
fight against Sicilian Alapin.} (8... d5 $6 9. a3 Bd7 10. h4 h6 11. h5 Qc7 12.
Nc3 $16 {1/2-1/2 Milliet,S (2290)-Conan,C/Belfort 2004 (42)}) (8... d6 9. O-O
dxe5 10. dxe5 Nb4 11. Be4 Qxd1 12. Rxd1 $14) 9. Nc3 d6 10. O-O dxe5 {Black
enters an worse endgame. With queens on the board WHite has better prospects
as well:} (10... O-O 11. Qe2 dxe5 (11... Bd7 12. Qe4 g6 13. Bh6 Re8 14. Rad1
$16 {1-0 Rahls,P (2299)-Jaeger,E (1932)/Dresden 2001 (36)}) (11... Nb4 12. Bb1
dxe5 13. dxe5 Bd7 (13... N4d5 14. Qc2 g6 15. Bh6 $16 {1-0 Lamorelle,Y (2225)
-Peltrault,F (2305)/France 1998 (37)}) 14. Qe4 g6 15. Bh6 Re8 16. Qg4 Bc6 17.
Ng5 Nd7 18. Qf4 Bxg5 19. Bxg5 $16 {1-0 Jonkman,H (2383)-Jowett,P (2225)/
Belfast 2001 (23)}) 12. dxe5 Nd4 13. Nxd4 Qxd4 14. Rd1 Qh4 15. Be4 Rd8 16. g3
Qh3 17. Rxd8+ Bxd8 18. Nb5 $16 {1-0 Van Mil,J (2395)-Iskov,G (2330)/Copenhagen
1987 (38)}) 11. dxe5 Nb4 12. Be4 Qxd1 (12... a6 13. a3 Nc6 14. Qc2 $16 {
1-0 Wrangenby,T-Gransing,L/Jonkoping 1987 (23)}) 13. Rxd1 {In the line 8...d6
a similar endgame arises, where Black is struggling to survive. The inclusion
of moves Nc3/Be7 favors White, so here Black's task is even more difficult.
White has space and development advantage. Besides, the bishop on e4 exerts
strong pressure on Black's queenside.} N4d5 $6 (13... O-O $142 14. Bf4 $14 {
[%cal Ga1c1] /+/-}) 14. Nxd5 Nxd5 15. Bxd5 exd5 16. Rxd5 Be6 17. Rd1 $16 {
Two bishops don't represent sufficient compensation for the pawn. Black has
only some practical chances to escape.} O-O 18. Be3 Rfd8 (18... b6 19. Nd4 $16)
(18... Bg4 19. h3 Bxf3 20. gxf3 {[%cal Gd1d7]} Rfd8 21. Rxd8+ Rxd8 (21... Bxd8
22. Rd1 $18 {[%cal Gd1d7]}) 22. Rc1 $18 {[%cal Gc1c7,Ge3a7]}) 19. Rxd8+ Rxd8
20. Nd4 Rd5 (20... Bd5 21. f4 {[%cal Gg1f2]} Bc5 22. Nf5 Bxe3+ 23. Nxe3 Bc6 24.
Rd1 $18) (20... Bc5 $2 {blunders a piece in view of} 21. Nxe6 $18) 21. Nxe6
fxe6 22. Bxa7 Rxe5 23. Kf1 Rd5 ({The rook endgame after} 23... Bc5 24. Bxc5 ({
Black develops some initiative if} 24. Bb8 Rf5 25. f3 Bd4) 24... Rxc5 25. Rd1
b5 26. Ke2 {is also difficult for Black}) 24. Be3 Bf6 25. Rb1 Kf7 26. b3 {
Few defensive moves were required in order to neutralize Black's temporary
activity, but it's all over now.} Kg6 27. Ke2 Kf5 28. Rc1 Rd7 29. a4 {White is
technically winning.} Bb2 30. Rc4 e5 31. b4 Ke6 32. a5 Kd5 33. Rc2 Bd4 34. Bxd4
exd4 35. Kd3 Rf7 36. f3 Re7 37. Rc5+ Kd6 38. Kxd4 Re2 39. Rg5 g6 40. h4 Rf2 41.
h5 gxh5 42. Rxh5 Rxg2 43. Rh6+ Kc7 44. Rxh7+ Kb8 45. f4 Rb2 46. Kc5 Ka7 47. f5
Rf2 48. Rf7 Rf4 49. b5 1-0